00573nam a2200205 a 4500001001300000003000900013005001700022008004100039020001000080082001500090100002600105245006900131260004200200300000900242500003500251505001200286650002700298650001600325700002600341nice12345678IN_TiNIC20260116012940.0050524s1953 illa grp 000 0 eng  ac93100a149.7bCOH aCohen, Morris Raphael aReason and Natureb an Essay on the Meaning of Scientific Method aIllinoisbFree Press of Glencoec1953 a470p aincludes index and biblioraphy2 aIndices aPhilosophy-Methodology aRationalism1 aCohen, Morris Raphael